Miasta z największa ilością drapaczy chmur - Statystyki

Ogólne statystyki
  • Ten quiz został rozwiązany 60 razy
  • Średni wynik to 21 z 50
Statystyki odpowiedzi
Państwo Ilość Miasto % Poprawnych
Chiny 50 Pekin
98%
USA 296 Nowy Jork
96%
ZEA 232 Dubaj
88%
Japonia 164 Tokio
86%
USA 27 Los Angeles
84%
Wielka Brytania 29 Londyn
79%
Chiny 175 Szanghaj
79%
Korea Płd. 82 Seul
77%
Australia 39 Sydney
77%
Chiny 510 Hongkong
73%
Rosja 45 Moskwa
71%
USA 26 San Francisco
71%
USA 130 Chicago
68%
Turcja 48 Stambuł
66%
Tajlandia 109 Bangkok
63%
Kanada 75 Toronto
63%
ZEA 44 Abu Zabi
59%
Chiny 142 Kanton
59%
Indonezja 107 Dżakarta
57%
Malezja 101 Kuala Lumpur
55%
Indie 74 Mumbaj
54%
Japonia 43 Osaka
54%
Panama 63 Panama
54%
Australia 67 Melbourne
50%
USA 55 Miami
48%
- 95 Singapur
46%
Katar 44 Doha
43%
Chiny 109 Wuhan
43%
USA 39 Houston
34%
Korea Płd. 72 Busan
25%
Chiny 32 Makau
20%
Chiny 63 Tiencin
20%
Chiny 63 Nankin
16%
Chiny 332 Shenzen
16%
Chiny 88 Chengdu
13%
Chiny 32 Xiamen
13%
Chiny 131 Chongqing
11%
Chiny 46 Dalian
9%
Chiny 49 Changsha
7%
Chiny 38 Hangzhou
7%
Chiny 57 Nanning
7%
Chiny 29 Suzhou
5%
Chiny 27 Qingdao
4%
Chiny 94 Shenyang
4%
Korea Płd. 48 Inczhon
2%
Chiny 29 Jinan
2%
Chiny 28 Ningbo
2%
Filipiny 52 Makati
0%
Chiny 31 Nanchang
0%
Chiny 36 Zhuhai
0%
Nie znaleziono quizów pasujących do podanych kryteriów
Rozkład punktacji
Procent ludzi z każdym wynikiem
Percentyl według liczby udzielonych odpowiedzi
Twoja historia wyników
Nie rozwiązałeś tego quizu